00000000nam 2200000za 4500
0019.664292
003CaOODSP
00520250121085135
007ta
008150407|2003||||xxc|||||     f|0| 0 fre d
020 |a0-662-67041-8
040 |aCaOODSP|bfre
041 |aeng
041 |afre
043 |an-cn---
0861 |aSE3-23/2-2002
24500|aRapport de la Commission de délimitation des circonscriptions électorales fédérales pour l'Ontario.
260 |aOttawa : |bÉlections Canada, |c2003, c2002.
300 |a129 p. : |bcartes ; |c28 cm.
5203 |aCes rapports préparés par les dix commissaires de délimitation des circonscriptions électorales fédérales, soit un pour chaque province, expose les changements apportés aux limites des circonscriptions électorales du pays. Ces limites sont révisées à la suite du recensement décennal (tous les dix ans) afin de tenir compte des changements et des déplacements de population au Canada, conformément à la Loi constitutionnelle de 1867 et à la Loi sur la révision des limites des circonscriptions électorales (1985, révisée).
563 |aCouverture souple
590 |a03-44|b2003-10-31
69107|aCirconscription électorale|2gcpds
69107|aFrontière|2gcpds
69107|aRapport|2gcpds
7102 |aÉlections Canada.
7760#|tReport of the Federal Electoral Boundaries Commission for Ontario = |w(CaOODSP)9.947173
791 |tReport of the Federal Electoral Boundaries Commission for Ontario. |eeng|w(CaOODSP)9.664291